01780cam a22003257i 45000010009000000050017000090080041000260200029000670200026000960200030001220200027001520400013001790820020001922450082002122500012002942600044003063000041003505000105003915200754004966500018012506500019012686500019012876500019013066500018013256500019013436500031013627000023013937000017014167000021014331899438720170731094938.0160225t20172017caua b 001 0 eng c a9781446252611 (hardback) a1446252612 (hardback) a9781446252628 (paperback) a1446252620 (paperback) cPK-LaUMT00a711.4223bURB-00aUrban regeneration /cedited by Peter Roberts, Hugh Sykes, and Rachel Granger a2nd ed. aLos Angeles :bSage Publications,c2017 axv, 344 p. :billustrations ;c25 cm aPrevious edition as: Urban regeneration : a handbook / edited by Peter Roberts and Hugh Sykes, 1999. a"Providing students and practitioners with a detailed overview of the key theoretical and applied issues, this book is a comprehensive and integrated primer on regeneration. The various chapters: review the history and context of urban regeneration; consider funding implications; look at environmental, social and community issues, as well as employment, education and training; focus on managing urban regeneration; consider land use issues; and discuss monitoring and evaluation. The book concludes with a comparative analysis, with examples from America and Europe, and a discussion of future trends. The book represents the first systematic overview of urban regeneration in one volume and is set to become the standard reference." --Publisher. 0aUrban policy. 0aUrban renewal. 0aCity planning. 7aCity planning. 7aUrban policy. 7aUrban renewal. 7aArchitecture and Planning.1 aRoberts, Peter W.,1 aSykes, Hugh,1 aGranger, Rachel,